Making housing a national priority (Record no. 112712)

MARC details
000 -LEADER
fixed length control field 00972cad a22002175a 4500
001 - CONTROL NUMBER
control field E153810
008 - FIXED-LENGTH DATA ELEMENTS--GENERAL INFORMATION
fixed length control field 110906s2011 xxk f 000 0 eng d
035 ## - SYSTEM CONTROL NUMBER
System control number (Sirsi) u153810
041 0# - LANGUAGE CODE
Language code of text/sound track or separate title eng
110 2# - MAIN ENTRY--CORPORATE NAME
Corporate name or jurisdiction name as entry element Scottish Building Federation
9 (RLIN) 5621
245 00 - TITLE STATEMENT
Title Making housing a national priority
Medium [electronic resource]
260 ## - PUBLICATION, DISTRIBUTION, ETC.
Place of publication, distribution, etc. [S.l.]
Name of publisher, distributor, etc. SFHA
Date of publication, distribution, etc. 2011
520 ## - SUMMARY, ETC.
Summary, etc. Suggests that the Scottish Government should prioritise housing, both to meet the increasing demand for affordable homes, and to create jobs.
590 ## - LOCAL NOTE (RLIN)
Local note KA
651 #4 - SUBJECT ADDED ENTRY--GEOGRAPHIC NAME
Geographic name Scotland
Chronological subdivision 1999-
690 ## - LOCAL SUBJECT ADDED ENTRY--TOPICAL TERM (OCLC, RLIN)
Topical term or geographic name as entry element PROPERTY-RESIDENTIAL PROPERTY-DOMESTIC RESIDENTIAL PROPERTY-HOUSING
710 1# - ADDED ENTRY--CORPORATE NAME
Corporate name or jurisdiction name as entry element Scottish Federation of Housing Associations
9 (RLIN) 3215
710 1# - ADDED ENTRY--CORPORATE NAME
Corporate name or jurisdiction name as entry element Glasgow and West of Scotland Forum of Housing Associations
856 40 - ELECTRONIC LOCATION AND ACCESS
Uniform Resource Identifier <a href="https://www.sfha.co.uk/sfha/latest-news/make-housing-a-national-priority-scottish-government-urged/menu-id-8.html">https://www.sfha.co.uk/sfha/latest-news/make-housing-a-national-priority-scottish-government-urged/menu-id-8.html</a>
Public note View the item free of charge at www.sfha.co.uk
942 ## - ADDED ENTRY ELEMENTS (KOHA)
Suppress in OPAC 0
Holdings
Withdrawn status Lost status Source of classification or shelving scheme Damaged status Not for loan Home library Current library Shelving location Date acquired Total Checkouts Full call number Barcode Date last seen Copy number Price effective from Koha item type
    Dewey Decimal Classification     Virtual Virtual Online 06/09/2011   ONLINE PUBLICATION 153810-2001 06/08/2019 1 06/08/2019 Book